000 00304nam a22001337a 4500
008 170524b xxu||||| |||| 00| 0 eng d
020 _a9780073404554
041 _aeng
080 _a621.3
100 _a26
101 _aim
245 _aMODERN POWER SUSTEM ANALYSIS
_cKOTHARI .DP
942 _2udc
_cBK
999 _c14181
_d14181